| 000 | 01687nam a2200361 a 4500 | ||
|---|---|---|---|
| 003 | BLK | ||
| 005 | 20250429161849.0 | ||
| 008 | 180412b bul|||||r ||||||| ||bul|| | ||
| 010 | _aKNG00002292000 | ||
| 020 | _a954-445-018-1 | ||
| 040 | _aBLK | ||
| 041 |
_aBUL _cBUL |
||
| 080 |
_aИкономическа наука в цялост. Проблематика на икономическата наука. Предмет и методи на икономиката _b330.101 _z330.101 |
||
| 100 | 1 |
_aЛеонтиев, Василий Василиевич _eпърви автор _9244210 |
|
| 139 |
_aЛеонтиев, Василий Василиевич _bЛ 46 |
||
| 245 | 1 | 0 |
_aЕсета по икономика _bКога историята трябва да се пише отзад напред ?, Математиката в икон. теория, Машините и човекът, Съвр. методи за икон. планиране и прогнозиране _cВасилий Василиевич Леонтиев. |
| 257 | _aUSA | ||
| 260 |
_aСофия _bХристо Ботев _c1994 |
||
| 300 |
_a463 с. _bс диагр. _c20 см |
||
| 380 | _a3 | ||
| 490 | _aЛауреати на Нобелова награда | ||
| 500 | _aОриг. загл. Essays in economics ; theories and theorizing ; 5 000 тир | ||
| 650 | 4 |
_aИкономика - теория _9243191 |
|
| 653 | _aесета | ||
| 653 | _aикономика | ||
| 852 |
_aЦб 176252 _bЦб |
||
| 856 | 4 |
_qpdf _u |
|
| 856 | 4 |
_qpdf _u |
|
| 942 |
_cKNG _n0 _06 |
||
| 944 |
_aCR _c15.01.2003 _k30576 _lЦветомила Тодорова |
||
| 944 |
_aED _c21.06.2016 _kПенка_Димитрова |
||
| 999 |
_c1459 _d1459 |
||
| 999 | _d1459 | ||